Psychosocial concepts in humanitarian work with children : (Record no. 6243)
[ view plain ]
| 000 -LEADER | |
|---|---|
| fixed length control field | 01094cam a22002417a 4500 |
| 020 ## - ISBN | |
| International Standard Book Number | 0309089336 (book) |
| 020 ## - ISBN | |
| International Standard Book Number | 0309511453 (PDF) |
| 050 00 - LIBRARY OF CONGRESS CALL NUMBER | |
| Classification Number | RJ 506 |
| Item Number | .P66L68 |
| 100 1# - MAIN ENTRY--Author | |
| Personal name | Loughry, Maryanne. |
| 245 10 - TITLE | |
| Title | Psychosocial concepts in humanitarian work with children : |
| Remainder of title | a review of the concepts and related literature / |
| Statement of responsibility, etc | Maryanne Loughry and Carola Eyber ; Roundtable on the Demography of Forced Migration, Committee on Population, National Research Council of the National Academies, and Program on Forced Migration and Health at the Mailman School of Public Health, Columbia University. |
| 260 ## - PUBLICATION, DISTRIBUTION, ETC.(IMPRINT) | |
| Place of publication, distribution, etc | Washington, DC : |
| Name of publisher, distributor, etc | National Academies Press, |
| Date of publication, distribution, etc | 2003. |
| 300 ## - PHYSICAL DESCRIPTION | |
| Extent | 130 p. ; |
| 650 #0 - SUBJECT--TOPIC | |
| Form subdivision | Bibliography. |
| 650 #0 - SUBJECT--TOPIC | |
| General subdivision | Psychology |
| Form subdivision | Bibliography. |
| 650 #0 - SUBJECT--TOPIC | |
| General subdivision | Psychological aspects |
| Form subdivision | Bibliography. |
| 650 #0 - SUBJECT--TOPIC | |
| General subdivision | Psychological aspects. |
| 650 #0 - SUBJECT--TOPIC | |
| General subdivision | Social aspects. |
| 650 #2 - SUBJECT--TOPIC | |
| General subdivision | psychology |
| 700 1# - ADDED ENTRY--PERSONAL AUTHOR | |
| Personal Name | Eyber, Carola. |
| 856 41 - URL/ELECTRONIC LOCATION AND ACCESS | |
| Uniform Resource Identifier | <a href="http://www.loc.gov/catdir/toc/fy0609/2003282263.html">http://www.loc.gov/catdir/toc/fy0609/2003282263.html</a> |
| 856 41 - URL/ELECTRONIC LOCATION AND ACCESS | |
| Uniform Resource Identifier | <a href="http://books.nap.edu/books/0309089336/html/index.html">http://books.nap.edu/books/0309089336/html/index.html</a> |
| 942 ## - ADDED ENTRY ELEMENTS(KOHA) | |
| Source of classification or shelving scheme | Library of Congress Classification |
| Koha item type | General circulation |
| Source of classification or shelving scheme | Not for loan | Location (home branch) | Sublocation (holding branch) | Shelving location | Date accessioned | Full call number | Barcode | Koha item type | Public note |
|---|---|---|---|---|---|---|---|---|---|
| Library of Congress Classification | Main Campus Library | Main Campus Library | 17/07/2015 | RJ 506 .P66L68 | 2015/003463 | General circulation | smo |